ბათუმის შოთა რუსთაველის სახელმწიფო უნივერსიტეტის ბიბლიოთეკა

საქართველოს ისტორია:XIX საუკუნე (ბიბ.ჩანაწერი № 43909)

000 -LEADER
fixed length control field 00970nam a2200241Ia 4500
001 - CONTROL NUMBER
control field 10658
003 - CONTROL NUMBER IDENTIFIER
control field GE_BSU
008 - FIXED-LENGTH DATA ELEMENTS--GENERAL INFORMATION
fixed length control field 181216s||||||||xx |||||||||||||| ||und||
020 ## - INTERNATIONAL STANDARD BOOK NUMBER
International Standard Book Number 9994011987
040 ## - CATALOGING SOURCE
Transcribing agency GE_BSU
080 ## - UNIVERSAL DECIMAL CLASSIFICATION NUMBER
Universal Decimal Classification number 94(479.22)(075.8)
100 ## - MAIN ENTRY--PERSONAL NAME
Personal name ჯანჯღავა,ვახტანგ. გურული,ვახტანგ.ვაჩნაძე,მერაბ და სხვ.
245 ## - TITLE STATEMENT
Title საქართველოს ისტორია:XIX საუკუნე
245 ## - TITLE STATEMENT
Remainder of title სახელმძღვ.ისტ.ფაკ.სტუდ.
245 ## - TITLE STATEMENT
Statement of responsibility, etc. რედ.ვახტანგ გურული,ბონდო კუპატაძე.
260 ## - PUBLICATION, DISTRIBUTION, ETC.
Place of publication, distribution, etc. თბილისი.
260 ## - PUBLICATION, DISTRIBUTION, ETC.
Name of publisher, distributor, etc. არტანუჯი.
260 ## - PUBLICATION, DISTRIBUTION, ETC.
Date of publication, distribution, etc. 2004.
300 ## - PHYSICAL DESCRIPTION
Extent 263გვ;29სმ.ფოტ.
653 ## - INDEX TERM--UNCONTROLLED
Uncontrolled term საქართველოს ისტორია:XIX საუკუნე
942 ## - ADDED ENTRY ELEMENTS (KOHA)
Koha item type წიგნი
ეგზემპლარები
Withdrawn status Lost status Damaged status Not for loan Date acquired Barcode Date last seen Price effective from Koha item type
        2018-12-17 34917 2018-12-17 2018-12-17 წიგნი
        2018-12-17 34918 2018-12-17 2018-12-17 წიგნი
        2018-12-17 34919 2018-12-17 2018-12-17 წიგნი